Eurozone wrangling burnishes London's lustre (Record no. 114325)

MARC details
000 -LEADER
fixed length control field 01127cad a22002175a 4500
001 - CONTROL NUMBER
control field L156620
008 - FIXED-LENGTH DATA ELEMENTS--GENERAL INFORMATION
fixed length control field 120614s2012 xxk f 000 0 eng d
035 ## - SYSTEM CONTROL NUMBER
System control number (Sirsi) u156620
041 0# - LANGUAGE CODE
Language code of text/sound track or separate title eng
110 2# - MAIN ENTRY--CORPORATE NAME
Corporate name or jurisdiction name as entry element Knight Frank
9 (RLIN) 1530
245 00 - TITLE STATEMENT
Title Eurozone wrangling burnishes London's lustre
Medium [electronic resource]
260 ## - PUBLICATION, DISTRIBUTION, ETC.
Place of publication, distribution, etc. London
Date of publication, distribution, etc. Knight Frank
Name of publisher, distributor, etc. 2012
490 #0 - SERIES STATEMENT
Series statement Knight Frank UK Residential Market Update
Volume/sequential designation June 2012
520 ## - SUMMARY, ETC.
Summary, etc. Prime central London prices rose by 0.7% in May and were up 10.7% year on year. Average UK house prices rose by 0.3% in May down 0.7% on an annual basis. Rents in prime Central London fell by 0.3% in May. Fear over the fate of the Eurozone is affecting economic confidence in the UK and around the world. Eurozone investors are continuing to regard prime London property as a safe haven, boosting prices.
590 ## - LOCAL NOTE (RLIN)
Local note KA
650 24 - SUBJECT ADDED ENTRY--TOPICAL TERM
Topical term or geographic name entry element KNIGHT FRANK UK RESIDENTIAL MARKET UPDATE
651 #4 - SUBJECT ADDED ENTRY--GEOGRAPHIC NAME
Geographic name UNITED KINGDOM
690 ## - LOCAL SUBJECT ADDED ENTRY--TOPICAL TERM (OCLC, RLIN)
Topical term or geographic name as entry element Residential property
9 (RLIN) 6266
856 40 - ELECTRONIC LOCATION AND ACCESS
Uniform Resource Identifier <a href="https://knightfrank.com/research/">https://knightfrank.com/research/</a>
Public note View the item free of charge under research at knightfrank.com/research
942 ## - ADDED ENTRY ELEMENTS (KOHA)
Suppress in OPAC 0
Holdings
Withdrawn status Lost status Source of classification or shelving scheme Damaged status Not for loan Home library Current library Shelving location Date acquired Total Checkouts Full call number Barcode Date last seen Copy number Price effective from Koha item type
    Dewey Decimal Classification     Virtual Virtual Online 14/06/2012   ONLINE PUBLICATION 156620-2001 06/08/2019 1 06/08/2019 Book